Quels joueurs sont sur les jaquettes Fifa? - Statistiques

Statistiques générales
  • Ce quiz a été pris 204 fois
  • Le résultat moyen est 15 sur 17
Statistiques - réponses
Edition Club du joueur Joueurs % Correct
Fifa 23 Paris Saint-Germain Kylian Mbappé
98%
Fifa 22 Paris Saint-Germain Kylian Mbappé
97%
Fifa 21 Paris Saint-Germain Kylian Mbappé
97%
FC 24 Manchester City Erling Haaland
96%
Fifa 18 Réal Madrid Cristiano Ronaldo
95%
Fifa 16 FC Barcelone Lionel Messi
95%
Fifa 15 FC Barcelone Lionel Messi
95%
Fifa 19 Juventus Turin Cristiano Ronaldo
93%
FC 26 Réal Madrid Jude Bellingham
92%
Fifa 14 FC Barcelone Lionel Messi
92%
Fifa 13 FC Barcelone Lionel Messi
92%
Fifa 17 Borussia Dortmund Marco Reus
92%
FC 25 Réal Madrid Jude Bellingham
87%
FC 26 Bayern Munich Jamal Musiala
80%
Fifa 14 FC Chelsea Eden Hazard
76%
Fifa 20 Réal Madrid Eden Hazard
67%
Fifa 13 Réal Madrid Karim Benzema
66%
Aucun quiz correspondant
Distribution des résultats
% des personnes avec chaque résultat
Percentile par nombre de réponses
Votre historique - résultats
Vous n’avez pas pris ce quiz